OECD Business and Finance Outlook 2017
Na minha lista:
| Formato: | Livro |
|---|---|
| Idioma: | inglês |
| Publicado em: |
Paris
OECD
2017
|
| Assuntos: | |
| Tags: |
Sem tags, seja o primeiro a adicionar uma tag!
|
MARC
| LEADER | 00000nam a2200000 4500 | ||
|---|---|---|---|
| 001 | 0241053 | ||
| 005 | 20240221115044.5 | ||
| 020 | |a 978-92-64-27488-4 | ||
| 041 | 0 | |a eng | |
| 044 | |a FR | ||
| 245 | 1 | 0 | |a OECD Business and Finance Outlook 2017 |
| 264 | 1 | |a Paris |b OECD |c 2017 | |
| 300 | |a 169 s. | ||
| 610 | 2 | 0 | |a podnikanie |
| 610 | 2 | 0 | |a financie |
| 610 | 2 | 0 | |a globalizácia |
| 610 | 2 | 0 | |a investície |
| 610 | 2 | 0 | |a vývoj hospodársky |
| 610 | 2 | 0 | |a obchod |
| 610 | 2 | 0 | |a podnik |
| 610 | 2 | 0 | |a politika |
| 610 | 2 | 0 | |a kurzy |
| 610 | 2 | 0 | |a politika hospodárska |
| 610 | 2 | 0 | |a korupcia |